Statistics for Common Knowledge #7

Click here to take the quiz!

General Stats

  • This quiz has been taken 1,470 times
  • The average score is 14 of 20

Answer Stats

HintAnswer% Correct
What color dresses do Chinese women traditionally wear on their wedding day?Red
93%
What is Winnie the Poo’s favorite treat?Honey
92%
How many sides does the home plate in baseball have?5
90%
What is the name of the fairy in Peter Pan?Tinkerbell
90%
What do you call a baby lion?Cub
84%
What particle in an atom has a positive charge?Proton
83%
How many pints are in a gallon?8
78%
What color is given to the second full moon of the month?Blue
77%
In The Three Little Pigs, what is the strongest house made out of?Bricks
77%
What is the smallest country in the world?Vatican City
77%
What is the longest bone in the human body?Femur
73%
Romulus and Remus were raised by what animal?She-wolf
67%
What are the only mammals that can fly?Bats
65%
What gas makes soda bubbly?Carbon Dioxide
64%
What does the score of “love” equal in tennis?0
63%
Frogs begin life as what?Tadpoles
59%
What does the “R” stand for on the rating of a movie?Restricted
53%
What kind of cells are found in the brain?Neurons
43%
What was the predecessor to the United Nations?League of Nations
37%
What word refers to animals with a backbone?Vertebrates
35%

Score Distribution

Percentile by Number Answered

Percent of People with Each Score

Your Score History

You have not taken this quiz